| 000 | 00000nam##2200000za#4500 |
| 001 | 9.534755 |
| 003 | CaOODSP |
| 005 | 20210615083636 |
| 007 | ta |
| 008 | 150406|1998||||xxc||||| f|0| 0 fre|d |
| 040 | |aCaOODSP|bfre |
| 041 | |aeng |
| 041 | |afre |
| 043 | |an-cn--- |
| 086 | 1 |aNH14-1/0390 |
| 110 | 2 |aSociété canadienne d'hypothèques et de logement. |
| 245 | 10|aComment la Municipalité régionale du Cap-Breton a rationalisé l'approbation des plans de construction résidentielle en améliorant la qualité des plans présentés pour fins d'examen / |cService des incendies et du bâtiment de la municipalité régionale du Cap-Breton, Nouvelle-Écosse. Établi par Word-Works Communications Services. Établi par Word-Works Communications Service. Établi par Word-Works Communications Services. |
| 260 | |aOttawa - Ontario : |bSociété canadienne d'hypothèques et de logement |c1998. |
| 300 | |aTexte français, ii, 14p. : |bill. ; |c28 cm. |
| 490 | 1 |aAbordabilité et choix toujours (ACT) projet de réforme de la réglementation|v0390 |
| 546 | |aBilingue |
| 563 | |aCouverture souple |
| 590 | |a01-07|b2001-02-16 |
| 691 | 07|aÉdifice municipal|2gcpds |
| 691 | 07|aIndustrie de la construction|2gcpds |
| 691 | 07|aLogement|2gcpds |
| 776 | 0#|tHow Cape Breton Regional Municipality streamlined residential building plans approvals by improving the quality of plans submitted for review |w(CaOODSP)9.573397 |
| 776 | 0#|tComment la Municipalité régionale du Cap-Breton a rationalisé l'approbation des plans de construction résidentielle en améliorant la qualité des plans présentés pour fins d'examen / |w(CaOODSP)9.603565 |
| 791 | |tHow Cape Breton Regional Municipality streamlined residential building plans approvals by improving the quality of plans submitted for review / |eeng|w(CaOODSP)9.534754 |
| 830 | #0|aAbordabilité et choix toujours (ACT) projet de réforme de la réglementation ;|v0390|w(CaOODSP)9.509541 |
| 986 | |aPB 0390 |